Electrical Measurements (Record no. 194416)

000 -LEADER
fixed length control field 00921 a2200157 4500
003 - CONTROL NUMBER IDENTIFIER
control field Nust
005 - DATE AND TIME OF LATEST TRANSACTION
control field 20170207154124.0
040 ## - CATALOGING SOURCE
Transcribing agency Nust
082 ## - DEWEY DECIMAL CLASSIFICATION NUMBER
Classification number 621.37
100 ## - MAIN ENTRY--PERSONAL NAME
Personal name Forest K. Harris
245 ## - TITLE STATEMENT
Title Electrical Measurements
Statement of responsibility, etc. Forest K. Harris
260 ## - PUBLICATION, DISTRIBUTION, ETC.
Place of publication, distribution, etc. Lodon
Name of publisher, distributor, etc. John Wiley
Date of publication, distribution, etc. 1956
300 ## - PHYSICAL DESCRIPTION
Extent 784;
505 ## - FORMATTED CONTENTS NOTE
Formatted contents note The Art of Measurement (page-1) Electrical Units (Page-15) Direct-Current Galvanometers (Page-43) Indicating Instruments (Page-96) Direct-Current Ammeters and Voltmeters (Page-123) Potentiometers (Page-144) Resistor and Resistance Measurements (Page-204) Ballistic Galvanometers (Page-301) Magnets and Magnetic Testing (Page-342) Alternating – Current Ammeters (Page-396) The Measurement of Power (Page-469) Energy Measurements (Page-512) Instrument Transformers (Pae-542) Wave-From and Frequency Measurements (Page-616) Alternating – Current Bridges (Page-659)
538 ## - SYSTEM DETAILS NOTE
System details note Almirah No.126 Shelf No.1
942 ## - ADDED ENTRY ELEMENTS (KOHA)
Source of classification or shelving scheme
Koha item type Book
Holdings
Withdrawn status Lost status Source of classification or shelving scheme Damaged status Not for loan Collection code Permanent Location Current Location Date acquired Total Checkouts Full call number Barcode Date last seen Price effective from Koha item type
            Military College of Signals (MCS) Military College of Signals (MCS) 12/12/2016   621.37 HAR MCS6422 12/08/2016 12/12/2016 Book
© 2023 Central Library, National University of Sciences and Technology. All Rights Reserved.